000 00782nam a2200265 i 4500
001 66835
003 ES-MaACL
005 20250822030805.0
007 t|
008 030624s2003 sp |||| | spa d
020 _a84-95496-24-0
080 _a5/6:159.9
080 _a501
080 _a159.97
100 1 _aAlmendro, Manuel (
_qAlmendro Almendro)
_9146743
245 1 0 _aPsicología del caos /
_cManuel Almendro.
260 _aVitoria-Gasteiz :
_bLa Llave,
_c[2003]
300 _a515 p. ;
_c21 cm.
504 _aBibliografía: p. 507-515.
650 1 7 _aCiencias y psicología
_2embne
_910998
650 4 _aComportamiento caótico en sistemas.
_911180
650 1 7 _aPsicología clínica
_2embne
_916553
852 _aES-MaACL
_jL-27361
999 _c66835
_d66835